01081 2200325 4500001002100000005001500021035002000036007000300056008004100059020002200100040002200122082001400144084001600158090001900174100002700193245016800220250003500388300004300423650002200466700002900488700003500517700002800552850001200580504003400592264003500626336002100661337003000682338002300712990002000735INLIS00000000086409120210825105337 a0010-0821000790ta210825s2008 jkia g ind d a978-979-19-0008-9 aYOPDYOGbinderda04223a649.1 a649.1 IMM h aPK 649.1 IMM h0 aImmanuel A.N.epenulis10aHypnoparenting :bcara cerdas mengubah kebiasaan buruk anak dengan hipnosis /cImmanuel A.N., Halimatussaadah; penyunting, RS Harjosumarto; ilustrator, Ika Verania aCetakan pertama, Februari 2008 avii, 179 halaman :bilustrasi ;c18 cm 4aAnak--xPerawatan0 aHalimatussaadahepenulis1 aHarjosumarto, RS .epenyunting0 aIka Veraniaeilustrator aYOPDYOG aBibliografi : halaman 173-17431aJakarta :bAlmeta Media,c2008 2rdacontentateks 2rdamediaatanpa perantara 2rdacarrieravolume a67807-PD/A.2021